000 01046cam a22002891 4500
001 23629
003 BD-RjUL
005 20211209000943.0
008 140311s1948 enkabch b 001 0beng d
035 _a(BD-RjUL)23694
035 _a(OCoLC)604020
040 _aDLC
_cODaWU
_dOCoLC
_dDLC
_dBD-RjUL
_beng
041 _aeng
082 0 0 _a927.8
_bSCG V-2 1948
100 1 _aScholes, Percy Alfred,
_d1877-1958.
_972724
245 1 4 _aThe great Dr. Burney :
_bhis life, his travels, his works, his family and his friends /
_c Percy Alfred Scholes,
_nVolume II
260 _aLondon ;
_aNew York :
_bOxford Univ. Press,
_c1948.
300 _axiii,438p. :
_billus., ports., maps (on lining-papers) facsims. ;
_c26 cm.
500 _a"Some Burney letters": v. 2, p. [287]-314.
504 _aBibliography: v. 2, p. [331]-392. and Index
600 1 0 _aBurney, Charles,
_d1726-1814.
_972727
600 3 0 _aBurney family.
_972728
651 0 _aLondon (England)
_xIntellectual life.
_952303
942 _2ddc
_cBK
999 _c23629
_d23629